00835nam a22002417a 4500003000500000005001700005008004100022010001000063011001000073035001000083040000900093100002200102245017900124260005600303300001600359410002800375490004800403650001300451650003300464650002000497810002800517830004800545CHAP20220817043643.0000304s1996 us a r 00010 eng d a80677 a81649 a92124 cCHAP00aKrombein, Karl V.10aBiosystematic studies of Ceylonese wasps, XXI :ba revision of the Bethylinae and Epyrinae (Cephalonomiini and Sclerodermini) (Hymenoptera : Bethylidae)c/by Karl V. Krombein aWashington, D.C. :bSmithsonian Institution,c1996. av. :bilus.20aSmithsonian Institution 0aSmithsonian contributions to zoologyv; 57914aAvispas.14aEntomología sistemática.14aHimenópteros.20aSmithsonian Institution0 aSmithsonian contributions to zoologyv; 579